| 000 | 00423nam a2200121Ia 4500 | ||
|---|---|---|---|
| 008 | 160712s9999 xx 000 0 und d | ||
| 100 | _aPetralba, Waldo. | ||
| 245 |
_cWaldo Petralba _aEric Gamaldina's EMPIRE OF MEMORY as Historiographic Metafiction |
||
| 260 |
_c2011 _bDiliman Review |
||
| 300 | _avol. 58 no. 1-4 | ||
| 650 | _xFICTION | ||
| 856 | _uhttp://journals.upd.edu.ph/index.php/dilimanreview/issue/view/513/showToc | ||
| 999 |
_c297557 _d297557 |
||